[Event "CZE-ch U16"]
[Site "Kouty nad Desnou"]
[Date "2014.03.11"]
[Round "5"]
[White "Krcil, Ales"]
[Black "Zeman, Radek"]
[Result "1/2-1/2"]
[WhiteElo "1698"]
[BlackElo "1902"]
[PlyCount "55"]
[EventDate "2014.03.08"]
[EventType "swiss"]
[EventRounds "9"]
[EventCountry "CZE"]
[SourceTitle "EXT 2015"]
[Source "ChessBase"]
[SourceDate "2014.11.20"]
[SourceVersion "1"]
[SourceVersionDate "2014.11.20"]
[SourceQuality "1"]

1. e4 Nc6 2. d4 d5 3. exd5 Qxd5 4. Nf3 Bg4 5. Be2 0-0-0 6. c3 e5 7. dxe5 Qxd1+ 8. Bxd1 Nxe5 9. 0-0 Nxf3+ 10. Bxf3 Bxf3 11. gxf3 Bd6 12. Be3 Ne7 13. Nd2 f5 14. Nc4 Nd5 15. Nxd6+ Rxd6 16. Bc5 Re6 17. Rfe1 Rhe8 18. Rxe6 Rxe6 19. Rd1 Nf4 20. Kf1 Ra6 21. a3 Ne6 22. Be3 f4 23. Bc1 Ra5 24. Re1 Kd7 25. Re4 g5 26. Ke2 Kd6 27. b4 Re5 28. Kd3 1/2-1/2

[Event "CZE-ch U14"]
[Site "Kouty nad Desnou"]
[Date "2013.03.13"]
[Round "6"]
[White "Krcil, Ales"]
[Black "Liska, Jiri2222"]
[Result "0-1"]
[WhiteElo "1717"]
[BlackElo "1826"]
[PlyCount "71"]
[EventDate "2013.03.09"]
[EventType "swiss"]
[EventRounds "9"]
[EventCountry "CZE"]
[SourceTitle "EXT 2015"]
[Source "ChessBase"]
[SourceDate "2014.11.20"]
[SourceVersion "1"]
[SourceVersionDate "2014.11.20"]
[SourceQuality "1"]

1. e4 c5 2. c3 d5 3. exd5 Qxd5 4. d4 cxd4 5. cxd4 Nc6 6. Nf3 e5 7. Nc3 Bb4 8. Bd2 Bxc3 9. Bxc3 e4 10. Nd2 Nf6 11. Nc4 Bg4 12. Qd2 Rd8 13. Ne3 Qg5 14. Bc4 0-0 15. h3 Bc8 16. Rd1 a6 17. d5 b5 18. Be2 Rfe8 19. Bxf6 Qxf6 20. Qc2 Ne5 21. b3 Bb7 22. Qxe4 Nc4 23. Qc2 Nxe3 24. fxe3 Bxd5 25. Rg1 Qh4+ 26. Kf1 Qf6+ 27. Ke1 Qe5 28. Qc1 g6 29. Bf3 Qg3+ 30. Ke2 Bxf3+ 31. gxf3 Qh2+ 32. Kf1 Qxh3+ 33. Kf2 Qh4+ 34. Rg3 Rc8 35. Qd2 Rc5 36. Rdg1 0-1

[Event "CZE-ch U14"]
[Site "Kouty nad Desnou"]
[Date "2013.03.12"]
[Round "5"]
[White "Danek, Daniel"]
[Black "Krcil, Ales"]
[Result "1-0"]
[WhiteElo "1806"]
[BlackElo "1717"]
[PlyCount "150"]
[EventDate "2013.03.09"]
[EventType "swiss"]
[EventRounds "9"]
[EventCountry "CZE"]
[SourceTitle "EXT 2015"]
[Source "ChessBase"]
[SourceDate "2014.11.20"]
[SourceVersion "1"]
[SourceVersionDate "2014.11.20"]
[SourceQuality "1"]

1. e4 c5 2. Nc3 Nc6 3. Bb5 Nd4 4. Nf3 Nxb5 5. Nxb5 Nf6 6. 0-0 d6 7. d4 cxd4 8. Qxd4 Bd7 9. Nc3 g6 10. Bg5 Bg7 11. Nd5 0-0 12. Bxf6 exf6 13. Qb4 Bc6 14. Rad1 Re8 15. Rfe1 Rc8 16. c4 Bf8 17. b3 Kg7 18. Nd4 Bxd5 19. exd5 Qc7 20. Nb5 Qb8 21. Qd2 a6 22. Nd4 Rxe1+ 23. Rxe1 Re8 24. Re3 Rxe3 25. Qxe3 Qc8 26. f3 Qc5 27. Nc2 Qa5 28. a4 b5 29. axb5 axb5 30. Kf2 bxc4 31. bxc4 Qa2 32. Qc3 Qa7+ 33. Ne3 Qa2+ 34. Kg3 h5 35. Nc2 Qa7 36. Nd4 Qd7 37. Nc6 Qf5 38. Qe3 Qd7 39. Qe4 Qc8 40. h3 Qa6 41. f4 Qa3+ 42. Kh2 Qa2 43. f5 g5 44. Qd3 h4 45. Nd4 Qf2 46. Ne2 Qe1 47. Qe4 Qd2 48. Qg4 Qe3 49. Ng1 Qd3 50. Nf3 Qe3 51. Nxh4 Qe5+ 52. g3 Qe3 53. Ng2 Qd2 54. h4 Kg8 55. hxg5 fxg5 56. Qe4 Qd1 57. g4 Qa1 58. Qe3 Bh6 59. Qe8+ Bf8 60. Qe4 Qa2 61. Qe3 Bh6 62. Qd3 Qf2 63. Qg3 Qc5 64. Ne3 Bf8 65. Qf3 Qd4 66. f6 Qd3 67. Kg3 Qc3 68. Qf2 Qe5+ 69. Kg2 Qd4 70. Qf3 Qd2+ 71. Qf2 Qd4 72. Kf1 Qe4 73. Ke2 Qe5 74. Qf5 Qh2+ 75. Kd3 Bh6 1-0

[Event "CZE-ch U14"]
[Site "Kouty nad Desnou"]
[Date "2013.03.10"]
[Round "2"]
[White "Krcil, Ales"]
[Black "Havelka, Ondrej"]
[Result "1-0"]
[WhiteElo "1717"]
[BlackElo "1632"]
[PlyCount "113"]
[EventDate "2013.03.09"]
[EventType "swiss"]
[EventRounds "9"]
[EventCountry "CZE"]
[SourceTitle "EXT 2015"]
[Source "ChessBase"]
[SourceDate "2014.11.20"]
[SourceVersion "1"]
[SourceVersionDate "2014.11.20"]
[SourceQuality "1"]

1. e4 e6 2. d4 d5 3. Nc3 Nf6 4. e5 Nfd7 5. f4 c5 6. Nf3 Nc6 7. Be3 a6 8. Qd2 b5 9. dxc5 Bxc5 10. Bxc5 Nxc5 11. Bd3 Qb6 12. Qf2 Nb4 13. 0-0 Rb8 14. Rad1 Bd7 15. Kh1 Nbxd3 16. cxd3 b4 17. Ne2 Ba4 18. Rd2 Bb5 19. Nc1 0-0 20. g4 Rfc8 21. Nd4 Ne4 22. dxe4 Bxf1 23. Qxf1 Rc4 24. Nce2 dxe4 25. Qg1 Rbc8 26. Qe3 Qb7 27. Kg1 h6 28. h4 a5 29. f5 Qd5 30. Qf4 R8c5 31. fxe6 fxe6 32. Nb3 Qxe5 33. Nxc5 Qxc5+ 34. Kf1 e3 35. Rd4 Rxd4 36. Qxd4 Qf8+ 37. Qf4 Qc5 38. Kg2 Qd5+ 39. Kh2 Qd2 40. Qc4 Kh8 41. g5 Qe1 42. Qg4 Qf2+ 43. Kh1 Qf1+ 44. Ng1 Qf5 45. Qxf5 exf5 46. gxh6 g6 47. Kg2 Kh7 48. Kf3 Kxh6 49. Kxe3 Kh5 50. Nf3 Kg4 51. Ne5+ Kxh4 52. Nxg6+ Kg4 53. Ne5+ Kg3 54. Nd3 Kg4 55. Kf2 f4 56. Kg2 f3+ 57. Kf2 1-0

[Event "CZE-ch U12"]
[Site "Kouty nad Desnou"]
[Date "2011.03.19"]
[Round "9"]
[White "Vykouk, Jan"]
[Black "Krcil, Ales"]
[Result "1/2-1/2"]
[WhiteElo "1708"]
[BlackElo "1742"]
[PlyCount "26"]
[EventDate "2011.03.12"]
[EventType "swiss"]
[EventRounds "9"]
[EventCountry "CZE"]
[SourceTitle "EXT 2014"]
[Source "ChessBase"]
[SourceDate "2013.11.20"]
[SourceVersion "1"]
[SourceVersionDate "2013.11.20"]
[SourceQuality "1"]

1. e4 c5 2. Nf3 Nc6 3. d4 cxd4 4. Nxd4 g6 5. Nc3 Bg7 6. Be3 Nf6 7. Be2 0-0 8. 0-0 d5 9. exd5 Nb4 10. Bf3 Nbxd5 11. Nxd5 Nxd5 12. Bxd5 Qxd5 13. c3 Rd8 1/2-1/2

[Event "CZE-ch U12"]
[Site "Kouty nad Desnou"]
[Date "2011.03.15"]
[Round "5"]
[White "Krcil, Ales"]
[Black "Liska, Jiri2222"]
[Result "1-0"]
[WhiteElo "1742"]
[BlackElo "1706"]
[PlyCount "113"]
[EventDate "2011.03.12"]
[EventType "swiss"]
[EventRounds "9"]
[EventCountry "CZE"]
[SourceTitle "EXT 2014"]
[Source "ChessBase"]
[SourceDate "2013.11.20"]
[SourceVersion "1"]
[SourceVersionDate "2013.11.20"]
[SourceQuality "1"]

1. e4 c5 2. Nf3 Nc6 3. Nc3 d6 4. d4 cxd4 5. Nxd4 e5 6. Nb3 Be6 7. Be2 Be7 8. 0-0 Nf6 9. Bg5 a6 10. Bxf6 Bxf6 11. Nd5 Be7 12. Qd3 0-0 13. Rad1 Bxd5 14. Qxd5 Rc8 15. c3 Kh8 16. Bg4 Rc7 17. Na1 b5 18. Nc2 Qb8 19. Rd3 Na5 20. Rf3 Qb7 21. Rxf7 Qxd5 22. Rxf8+ Bxf8 23. exd5 Nc4 24. Rb1 Rc5 25. Be6 g6 26. Ne3 Nxe3 27. fxe3 Bh6 28. Kf2 a5 29. Ke2 Rc7 30. Kd3 Rc4 31. b3 e4+ 32. Kd2 Rc7 33. Rc1 Bg7 34. c4 b4 35. Rf1 Be5 36. h3 Kg7 37. Bg4 Re7 38. Bd1 Bg3 39. Bc2 h6 40. Ke2 Bh4 41. Rf4 Bf6 42. Rxe4 Rxe4 43. Bxe4 Bc3 44. Kf3 Kf6 45. Bc2 Be5 46. Ke4 Bc3 47. Bd1 Kg5 48. c5 dxc5 49. d6 Kf6 50. Kd5 Kf7 51. e4 Bf6 52. e5 Bd8 53. Be2 g5 54. e6+ Kf6 55. e7 Bxe7 56. dxe7 Kxe7 57. Kxc5 1-0

[Event "CZE-ch U12"]
[Site "Kouty nad Desnou"]
[Date "2011.03.14"]
[Round "4"]
[White "Bares, Jachym"]
[Black "Krcil, Ales"]
[Result "0-1"]
[WhiteElo "1655"]
[BlackElo "1742"]
[PlyCount "178"]
[EventDate "2011.03.12"]
[EventType "swiss"]
[EventRounds "9"]
[EventCountry "CZE"]
[SourceTitle "EXT 2014"]
[Source "ChessBase"]
[SourceDate "2013.11.20"]
[SourceVersion "1"]
[SourceVersionDate "2013.11.20"]
[SourceQuality "1"]

1. e4 e5 2. Bc4 Nf6 3. d3 Be7 4. Nc3 Nc6 5. Nge2 d6 6. 0-0 0-0 7. f4 Be6 8. Bb3 Bxb3 9. axb3 Qd7 10. f5 a6 11. Qe1 Rfe8 12. Qg3 Nb4 13. Bh6 Bf8 14. Rac1 Kh8 15. Be3 Rad8 16. Nd1 Na2 17. Ra1 Nb4 18. Rc1 d5 19. Nf2 d4 20. Bd2 Nc6 21. Ng4 Nxg4 22. Qxg4 f6 23. Rf3 Qf7 24. Rh3 Ne7 25. Rf1 h6 26. Rff3 Kh7 27. Rfg3 Rd6 28. Nc1 Red8 29. c3 dxc3 30. bxc3 Rc6 31. Qd1 Rc5 32. Qc2 Rd7 33. Rf3 Qe8 34. Rf1 Rd8 35. Rd1 Nc6 36. Qb2 Ne7 37. Kh1 Ng8 38. Rg3 Qb5 39. c4 Qe8 40. Bb4 Rc6 41. Qc3 Qh5 42. Re1 Bxb4 43. Qxb4 Rb6 44. Qd2 Qf7 45. Qc3 Ne7 46. Re2 Rbd6 47. Rd2 Nc6 48. Ne2 Nd4 49. Nxd4 Rxd4 50. Rf3 Qd7 51. Re3 Qd6 52. b4 Qb6 53. g3 Qc6 54. Qc2 R8d7 55. Kg2 b5 56. cxb5 Qxb5 57. Qc5 Qxb4 58. Qxb4 Rxb4 59. Ra2 Rd6 60. Rc2 Rd7 61. Ra2 Rb6 62. Kf3 Rd4 63. Rc2 c6 64. Ke2 Rdb4 65. Kf3 Rb2 66. Ree2 Rxc2 67. Rxc2 Kg8 68. Ke3 Kf7 69. Kd2 Ke7 70. Kc3 c5 71. Ra2 Kd6 72. Ra5 Kc6 73. Kc4 Rb4+ 74. Kc3 Kb6 75. Ra2 Kb5 76. Ra1 a5 77. Ra2 a4 78. Ra3 Rb1 79. Ra2 Rb3+ 80. Kc2 Kb4 81. Ra1 a3 82. Ra2 Rc3+ 83. Kd2 c4 84. dxc4 Kxc4 85. Ra1 Rd3+ 86. Ke2 Rb3 87. Kd2 Rb2+ 88. Kc1 Kb3 89. h3 a2 0-1

[Event "CZE-ch U10"]
[Site "Kouty nad Desnou"]
[Date "2009.03.10"]
[Round "5"]
[White "Krcil, Ales"]
[Black "Wagner, Vojtech"]
[Result "1-0"]
[WhiteElo "1302"]
[BlackElo "1250"]
[PlyCount "53"]
[EventDate "2009.03.07"]
[EventType "swiss"]
[EventRounds "9"]
[EventCountry "CZE"]
[SourceTitle "EXT 2011"]
[Source "ChessBase"]
[SourceDate "2010.11.26"]
[SourceVersion "1"]
[SourceVersionDate "2010.11.26"]
[SourceQuality "1"]

1. e4 e5 2. Nf3 Nc6 3. Bc4 Bc5 4. b4 Bxb4 5. c3 Ba5 6. d4 d6 7. Qb3 Qf6 8. dxe5 dxe5 9. 0-0 Bd7 10. Bg5 Qg6 11. Be3 0-0-0 12. Bxf7 Qxe4 13. Nbd2 Qd3 14. Rab1 Bb6 15. Nc4 Na5 16. Nxa5 Qa6 17. Nc4 Bc6 18. Nxb6+ axb6 19. Nxe5 Nf6 20. Be6+ Kb8 21. Nf7 Rde8 22. Nxh8 Rxh8 23. Rfd1 Rf8 24. Bg5 Ne4 25. Be3 Qe2 26. Rb2 Qh5 27. f3 1-0